| 000 | 00399cam a2200169ua 4500 | ||
|---|---|---|---|
| 020 | _c140.00 | ||
| 041 |
_amal _h |
||
| 082 |
_a894.8128615 _bKOV/TH |
||
| 100 | _aAyyappan, Kovilan . | ||
| 245 |
_aThattakam / _cKovilan. _hTextual Documents |
||
| 260 |
_aThrissur : _bCurrent books , _c2008. |
||
| 300 | _a ; . | ||
| 365 | _a140.00 | ||
| 504 | _a | ||
| 942 | _cBK | ||
| 999 |
_c13548 _d13548 |
||